Statistics for Fast Typing AA to ZZ

Click here to take the quiz!

General Stats

  • This quiz has been taken 16,333 times
  • The average score is 21 of 26

Answer Stats

letter % Correct
AA
100%
BB
98%
CC
96%
DD
95%
EE
94%
FF
94%
GG
93%
HH
92%
II
91%
JJ
89%
KK
89%
LL
88%
MM
86%
NN
84%
OO
83%
PP
82%
QQ
78%
RR
76%
SS
73%
TT
70%
UU
67%
VV
63%
WW
57%
XX
50%
YY
45%
ZZ
42%

Score Distribution

Percentile by Number Answered

Percent of People with Each Score

Your Score History

You have not taken this quiz